Creating a world without poverty (Registro nro. 19594)
[ vista simple ]
| 000 -LEADER | |
|---|---|
| fixed length control field | 00300 a2200109 4500 |
| 001 - CONTROL NUMBER | |
| control field | ART_17539 |
| 005 - DATE AND TIME OF LATEST TRANSACTION | |
| control field | 20260410161750.0 |
| 008 - FIXED-LENGTH DATA ELEMENTS--GENERAL INFORMATION | |
| fixed length control field | 260409a |
| 100 1# - MAIN ENTRY--PERSONAL NAME | |
| Personal name | Yunus, Muhammad |
| 245 10 - TITLE STATEMENT | |
| Title | Creating a world without poverty |
| 773 0# - HOST ITEM ENTRY | |
| Title | Book Summary |
| Related parts | - Nº 12 (ene. 2009) |
| Record control number | REV4099 |
No hay ítems disponibles.